Дело о службе состоявшего сторожем при Театральном доме, уволенного отставного рядового Ивана Макарова

Доступно только в Электронных читальных залах Найти на картеНа карте
RUSMARC
00003756nmc2a22000003x 450
00137d2ea5b-6608-4b62-83dd-ae76966fc48a
00520181224125841.0
100##$a20170622l18451846k l0rusy0189 ca
1010#$arus
102##$aRU
2001#$aДело о службе состоявшего сторожем при Театральном доме, уволенного отставного рядового Ивана Макарова
$j12 июня 1845 г. - 20 августа 1846 г.
251##$cДело
300##$aПо Санкт-Петербургской дирекции за 1845 год
300##$aДело
801#0$aRU
$bРГИА
$c20170622
$gRCR
801#1$aRU
$bГлавНИВЦ
$c20170622
$2rusmarc
801#2$aRU
$bПБ им. Б.Н. Ельцина
$c20181224
$gRCR
$2rusmarc
850##$aРГИА
852##$aРГИА
$eФедеральное казенное учреждение "Российский государственный исторический архив" (РГИА)
$j10263
937##$hРГИА
$d12245816
$aASBIBLIO_SCAN
462#0$1001dd3991dc-24e1-42ec-8838-ca4255420416
$12001
$a1746-1850 гг.
$1251
$cОпись
$1852
$j1
461#0$10019264ebf8-de62-4f1a-9eb4-9f22098dbbd5
$12001
$aДирекция императорских театров МИДв
$1251
$cФонд
$1852
$j497
215##$a11 л.
$d36,5х26 см
371##$aДокумент не является опубликованным и широко распространяемым
105##$ay###
1222#$ad
035##$a37d2ea5b-6608-4b62-83dd-ae76966fc48a
856##$uhttp://readingroom.main.prlib.ru/item.aspx?id_node=n122234963&mode=full
Формат отображения